[Event "Lloyds Bank Masters 18th"]
[Site "London"]
[Date "1994.08.28"]
[Round "9"]
[White "Regan, Natasha"]
[Black "Duncan, Christopher R"]
[Result "1-0"]
[WhiteElo "2115"]
[BlackElo "2300"]
[PlyCount "133"]
[EventDate "1994.08.20"]
[EventType "swiss"]
[EventRounds "10"]
[EventCountry "ENG"]
[SourceTitle "BritBase"]

1. e4 c5 2. d4 cxd4 3. c3 dxc3 4. Nxc3 Nc6 5. Nf3 d6 6. Bc4 e6 7. O-O a6 8. Qe2
Bd7 9. Rd1 Be7 10. Bf4 e5 11. Be3 Nf6 12. Rd2 h6 13. Rad1 Qc7 14. Bd5 Nb4 15.
Bb3 O-O 16. Nh4 Be6 17. Bxe6 fxe6 18. a3 Nc6 19. Qc4 Kf7 20. Nf5 Rfd8 21. Nd5
exd5 22. exd5 b5 23. Qxc6 Qxc6 24. dxc6 Ne8 25. Bb6 Rdc8 26. c7 Ke6 27. Nxe7
Kxe7 28. Rc2 Kd7 29. Rdc1 a5 30. b4 axb4 31. axb4 Ra6 32. Ba5 Nf6 33. Rc3 Ke6
34. Kf1 Ne4 35. Rd3 Kd7 36. Re1 Rxa5 37. bxa5 Nc5 38. Rg3 g5 39. Rh3 Rh8 40.
Rb1 Kxc7 41. Rxb5 h5 42. Rf3 Kc6 43. Rb6+ Kd5 44. Ra3 Ra8 45. a6 Ra7 46. Ke2
Ke6 47. Ra5 Kd7 48. Rb8 Ke6 49. Rh8 h4 50. Rh6+ Kd5 51. Rg6 Kc6 52. Rxg5 Kb6
53. Ra3 Nxa6 54. Rg4 Rh7 55. Rh3 Nc5 56. Rhxh4 Rd7 57. Rh8 Ne6 58. Rc8 Nd4+ 59.
Kd3 d5 60. Rxd4 exd4 61. Kxd4 Rg7 62. g3 Rf7 63. f4 Rh7 64. Kxd5 Rxh2 65. Rc3
Kb5 66. Rb3+ Ka4 67. Rf3 1-0

[Event "Lloyds Bank Masters 18th"]
[Site "London"]
[Date "1994.08.28"]
[Round "9"]
[White "Rowson, Jonathan"]
[Black "Kaminski, Marcin"]
[Result "0-1"]
[WhiteElo "2305"]
[BlackElo "2440"]
[PlyCount "50"]
[EventDate "1994.08.20"]
[EventType "swiss"]
[EventRounds "10"]
[EventCountry "ENG"]
[SourceTitle "BritBase"]

1. e4 c5 2. Nf3 d6 3. d4 cxd4 4. Nxd4 Nf6 5. Nc3 a6 6. f4 e5 7. Nf3 Nbd7 8. a4
Be7 9. Bd3 O-O 10. O-O exf4 11. Bxf4 Qb6+ 12. Kh1 Qxb2 13. Qe1 Qb6 14. Nd5 Nxd5
15. exd5 Qd8 16. c4 Nc5 17. Bc2 Bg4 18. Qg3 f5 19. Ra3 Rf7 20. Nd4 Bh4 21. Qe3
g5 22. Bg3 f4 23. Qe1 Bxg3 24. hxg3 Qf6 25. Nb3 Re7 0-1

[Event "Lloyds Bank Masters 18th"]
[Site "London"]
[Date "1994.08.28"]
[Round "9"]
[White "Sadler, Matthew D"]
[Black "Crouch, Colin S"]
[Result "1/2-1/2"]
[WhiteElo "2560"]
[BlackElo "2395"]
[PlyCount "37"]
[EventDate "1994.08.20"]
[EventType "swiss"]
[EventRounds "10"]
[EventCountry "ENG"]
[SourceTitle "BritBase"]

1. d4 d5 2. c4 c6 3. e3 e6 4. Nf3 Bd6 5. Bd3 f5 6. O-O Nf6 7. b3 Qe7 8. Bb2 O-O
9. Ne5 Ng4 10. Nd2 Nxe5 11. dxe5 Bc7 12. Qc2 c5 13. cxd5 exd5 14. Rac1 b6 15.
f4 Nc6 16. a3 Qf7 17. b4 Nd8 18. Be2 Ne6 19. Bf3 1/2-1/2

[Event "Lloyds Bank Masters 18th"]
[Site "London"]
[Date "1994.08.28"]
[Round "9"]
[White "Sakhatova, Elvira->Berend"]
[Black "Kinsman, Andrew PH"]
[Result "1-0"]
[WhiteElo "2300"]
[BlackElo "2375"]
[PlyCount "51"]
[EventDate "1994.08.20"]
[EventType "swiss"]
[EventRounds "10"]
[EventCountry "ENG"]
[SourceTitle "BritBase"]

1. d4 e6 2. Nf3 Nf6 3. g3 c5 4. Bg2 d5 5. O-O Be7 6. c4 O-O 7. cxd5 Nxd5 8. e4
Nb6 9. Nc3 Nc6 10. d5 exd5 11. exd5 Nb4 12. Ne1 Bf5 13. a3 Na6 14. d6 Bxd6 15.
Bxb7 Bh3 16. Bxa6 Bxf1 17. Bxf1 Rb8 18. Be3 Qf6 19. Qf3 Qe6 20. Nb5 Be5 21. Nd3
c4 22. Nxe5 Qxe5 23. Nc3 Rbc8 24. a4 Qa5 25. Bd4 f5 26. Qb7 1-0

[Event "Lloyds Bank Masters 18th"]
[Site "London"]
[Date "1994.08.28"]
[Round "9"]
[White "Sareen, Vishal"]
[Black "Saunders, John C"]
[Result "1/2-1/2"]
[WhiteElo "2310"]
[BlackElo "2225"]
[PlyCount "94"]
[EventDate "1994.08.20"]
[EventType "swiss"]
[EventRounds "10"]
[EventCountry "ENG"]
[SourceTitle "BritBase"]

1. e4 c6 2. d4 d5 3. Nd2 dxe4 4. Nxe4 Nd7 5. Nf3 Ngf6 6. Nxf6+ Nxf6 7. Bc4 Nd5
8. c3 Bg4 9. Qb3 b5 10. Be2 Bxf3 11. Bxf3 e6 12. a4 a6 13. O-O Be7 14. axb5
axb5 15. Rxa8 Qxa8 16. Re1 Qa6 17. g3 O-O 18. h4 Ra8 19. Qc2 Qc8 20. Qe4 Ra1
21. Kg2 Bf6 22. Be2 g6 23. h5 Bg5 24. f4 Bf6 25. Rh1 c5 26. hxg6 hxg6 27. dxc5
Qxc5 28. Qd3 Qc6 29. Kh2 b4 30. c4 Nb6 31. Rd1 Be7 32. b3 Bf6 33. Bd2 Rxd1 34.
Bxd1 Qc5 35. Be3 Qc6 36. Bf2 Nd7 37. Bf3 Qc7 38. Qe3 Be7 39. Be1 Bc5 40. Qd3
Nf6 41. Kg2 Ne8 42. Qe4 Nd6 43. Qe5 Qb6 44. g4 Bd4 45. Qe2 Nb7 46. Qe4 Na5 47.
Bd1 Bc5 1/2-1/2

[Event "Lloyds Bank Masters 18th"]
[Site "London"]
[Date "1994.08.28"]
[Round "9"]
[White "Savchenko, Stanislav"]
[Black "Wells, Peter K"]
[Result "1/2-1/2"]
[WhiteElo "2570"]
[BlackElo "2490"]
[PlyCount "142"]
[EventDate "1994.08.20"]
[EventType "swiss"]
[EventRounds "10"]
[EventCountry "ENG"]
[SourceTitle "BritBase"]

1. d4 d5 2. c4 e6 3. Nf3 Nf6 4. Nc3 c6 5. Bg5 dxc4 6. e4 b5 7. e5 h6 8. Bh4 g5
9. Nxg5 hxg5 10. Bxg5 Nbd7 11. g3 Qa5 12. exf6 Ba6 13. a3 O-O-O 14. Bg2 Nc5 15.
O-O Nb3 16. Qf3 Bb7 17. Rad1 Rd7 18. Qe3 Qb6 19. Ne2 c5 20. dxc5 Bxc5 21. Bxb7+
Qxb7 22. Rxd7 Qxd7 23. Qe4 Qb7 24. Qxb7+ Kxb7 25. Rd1 Kc6 26. h4 e5 27. Be3
Bxe3 28. fxe3 Rh6 29. Rf1 Nc5 30. Rf5 Kd6 31. Nc3 a6 32. Kg2 Ke6 33. Rf1 Rxf6
34. Rxf6+ Kxf6 35. e4 Nd3 36. Nd1 a5 37. Kf3 b4 38. axb4 axb4 39. Ke3 Nc5 40.
Nf2 Na4 41. Nd1 Kg6 42. g4 Nc5 43. Nf2 f6 44. Ke2 Ne6 45. Kd2 Nd4 46. Ke3 Kh6
47. Nd1 Nb3 48. Ke2 Nc5 49. Ke3 Ne6 50. Kd2 Nd4 51. Ne3 Nb3+ 52. Kc2 Nd4+ 53.
Kd2 Nf3+ 54. Kc2 Nd4+ 55. Kd1 Nf3 56. Nxc4 Nxh4 57. Kc2 Kg5 58. Kb3 Kxg4 59.
Kxb4 f5 60. Kc5 fxe4 61. b4 Kf5 62. b5 Ke6 63. b6 e3 64. Nxe3 Kd7 65. Kb5 Kc8
66. Ka6 Kb8 67. b7 Ng6 68. Nc4 e4 69. Kb6 Ne7 70. Ne5 Nd5+ 71. Kc6 Nb4+ 1/2-1/2

[Event "Lloyds Bank Masters 18th"]
[Site "London"]
[Date "1994.08.28"]
[Round "9"]
[White "Sowray, Peter J"]
[Black "Kumaran, Dharshan"]
[Result "0-1"]
[WhiteElo "2335"]
[BlackElo "2495"]
[PlyCount "90"]
[EventDate "1994.08.20"]
[EventType "swiss"]
[EventRounds "10"]
[EventCountry "ENG"]
[SourceTitle "BritBase"]

1. c4 e5 2. g3 Nf6 3. Bg2 c6 4. d3 d5 5. Nd2 Bc5 6. Nb3 Bb6 7. cxd5 cxd5 8. Nf3
Nc6 9. O-O O-O 10. d4 e4 11. Ne1 a5 12. Bf4 Nh5 13. Be3 f5 14. f4 a4 15. Nc5
Nf6 16. Nc2 Ng4 17. Rc1 Qf6 18. Bh3 Nxe3 19. Nxe3 Rd8 20. Kf2 Nxd4 21. Nxa4 Ba7
22. Kg2 Nc6 23. Nc5 Qf8 24. Qc2 Nb4 25. Qa4 Bxc5 26. Qxa8 Bxe3 27. Rc7 Nc6 28.
Rd1 d4 29. Qa4 Kh8 30. Qb3 Ne7 31. Qc4 Qf6 32. Qc5 Nc6 33. b4 Qf8 34. Qxf8+
Rxf8 35. b5 Na5 36. Rb1 b6 37. Rb2 Bb7 38. Kf1 d3 39. exd3 exd3 40. Bg2 Bxg2+
41. Rxg2 Rd8 42. Ke1 Bc5 43. a4 d2+ 44. Kd1 Nc4 45. Rg1 Nb2+ 0-1

[Event "Lloyds Bank Masters 18th"]
[Site "London"]
[Date "1994.08.28"]
[Round "9"]
[White "Zilberman, Yaacov"]
[Black "Wilson, Jonathan"]
[Result "1-0"]
[WhiteElo "2460"]
[BlackElo "2190"]
[PlyCount "86"]
[EventDate "1994.08.20"]
[EventType "swiss"]
[EventRounds "10"]
[EventCountry "ENG"]
[SourceTitle "BritBase"]

1. d4 f5 2. Nc3 Nf6 3. Bg5 d5 4. Bxf6 exf6 5. e3 c6 6. Bd3 g6 7. h4 h5 8. Qf3
Bd6 9. Nge2 Be6 10. g3 Nd7 11. Qg2 Qe7 12. f3 O-O-O 13. O-O-O Bf7 14. e4 fxe4
15. fxe4 dxe4 16. Bxe4 Nb6 17. Rhe1 f5 18. Bf3 Qc7 19. Qf2 Kb8 20. Bg2 Rhe8 21.
Nf4 Bxf4+ 22. gxf4 Rxe1 23. Rxe1 Qd6 24. Rd1 Nc4 25. a3 Re8 26. Rd3 Qe7 27. Bf3
Qe1+ 28. Qxe1 Rxe1+ 29. Rd1 Re3 30. Rf1 Nb6 31. Nd1 Re8 32. Nf2 Bd5 33. Bd1 Be4
34. Rg1 Re6 35. c3 Nd5 36. Bb3 Nxf4 37. Bxe6 Ne2+ 38. Kd1 Nxg1 39. Nxe4 fxe4
40. Bf7 e3 41. Bxg6 Nf3 42. Ke2 Nxh4 43. Be4 Kc7 1-0

[Event "Lloyds Bank Masters 18th"]
[Site "London"]
[Date "1994.08.28"]
[Round "9"]
[White "Corkett, Anthony"]
[Black "Moskovic, David M"]
[Result "0-1"]
[WhiteElo "2295"]
[BlackElo "2065"]
[PlyCount "128"]
[EventDate "1994.08.20"]
[EventType "swiss"]
[EventRounds "10"]
[EventCountry "ENG"]

1. e4 c5 2. Nc3 Nc6 3. g3 g6 4. Bg2 Bg7 5. f4 e6 6. Nf3 Nge7 7. O-O d6 8. d3
O-O 9. Be3 Nd4 10. Qd2 Nec6 11. Ne1 f5 12. Nd1 e5 13. c3 Ne6 14. Nf2 Kh8 15.
Nh3 Bd7 16. Nf3 Qc7 17. Nh4 Ne7 18. Nf3 Rad8 19. Nfg5 Nxg5 20. Nxg5 Bc8 21. c4
Nc6 22. Rae1 Rde8 23. a3 Nd4 24. Bxd4 exd4 25. exf5 Bxf5 26. Be4 Bxe4 27. Rxe4
Rxe4 28. Nxe4 b6 29. Qg2 Qd7 30. Ng5 h6 31. Qh3 Qxh3 32. Nxh3 Re8 33. Kf2 Re3
34. Rd1 Kg8 35. b3 Kf7 36. Ng1 g5 37. fxg5 hxg5 38. Nf3 g4 39. Ne1 Bh6 40. Ng2
Rf3+ 41. Ke2 a6 42. a4 Ke6 43. Rf1 Rxf1 44. Kxf1 d5 45. Ne1 dxc4 46. bxc4 Kd6
47. Kg2 Kc6 48. h3 Bd2 49. Nc2 gxh3+ 50. Kxh3 b5 51. axb5+ axb5 52. cxb5+ Kxb5
53. Na3+ Kb4 54. Nc4 Kc3 55. Ne5 Bg5 56. Kg4 Bf6 57. Nd7 Be7 58. Kf5 c4 59.
dxc4 d3 60. Nb6 d2 61. Nd5+ Kd4 62. Nxe7 d1=Q 63. Nc6+ Kxc4 64. Ne5+ Kd5 {
Source: Tony Corkett. Added to BritBase 12 June 2021} 0-1

[Event "Lloyds Bank Masters 18th"]
[Site "London"]
[Date "1994.08.29"]
[Round "10"]
[White "Aseev, Konstantin N"]
[Black "Thipsay, Praveen Mahadeo"]
[Result "1-0"]
[WhiteElo "2540"]
[BlackElo "2505"]
[PlyCount "85"]
[EventDate "1994.08.20"]
[EventType "swiss"]
[EventRounds "10"]
[EventCountry "ENG"]
[SourceTitle "BritBase"]

1. e4 e5 2. Nf3 Nc6 3. Bb5 a6 4. Ba4 Nf6 5. O-O Be7 6. Re1 b5 7. Bb3 O-O 8. c3
d6 9. h3 Na5 10. Bc2 c5 11. d4 Qc7 12. Nbd2 cxd4 13. cxd4 Bd7 14. Nf1 Rac8 15.
Re2 Rfe8 16. Ng3 h6 17. b3 Nc6 18. Bb2 Bf8 19. a3 g6 20. Qd2 Bg7 21. Rd1 Red8
22. Qe3 Nh7 23. Kh1 Nf8 24. Bb1 exd4 25. Nxd4 Nxd4 26. Bxd4 Bxd4 27. Qxd4 Qc3
28. Rb2 Be6 29. Ne2 Qc5 30. f4 Qh5 31. f5 Bxb3 32. Rxb3 Qxe2 33. Rbd3 Qh5 34.
Kh2 Qg5 35. Rf3 Rd7 36. fxg6 Nxg6 37. Rf5 Qh4 38. Rdf1 Rcc7 39. Qd2 Kh7 40.
R1f3 Qd8 41. e5 Qf8 42. e6 Re7 43. Rf6 1-0

[Event "Lloyds Bank Masters 18th"]
[Site "London"]
[Date "1994.08.29"]
[Round "10"]
[White "Barnes, Michael"]
[Black "Garcia, Gildardo"]
[Result "0-1"]
[WhiteElo "2335"]
[BlackElo "2540"]
[PlyCount "100"]
[EventDate "1994.08.20"]
[EventType "swiss"]
[EventRounds "10"]
[EventCountry "ENG"]
[SourceTitle "BritBase"]

1. c4 Nf6 2. Nc3 e6 3. e4 d5 4. e5 d4 5. exf6 dxc3 6. bxc3 Qxf6 7. d4 e5 8. Nf3
Nc6 9. Bg5 Qg6 10. d5 Nb8 11. Bd3 Bf5 12. Qa4+ Nd7 13. O-O Bd6 14. Bxf5 Qxf5
15. c5 Bxc5 16. Nxe5 f6 17. g4 Qxe5 18. Rae1 O-O-O 19. Rxe5 Nxe5 20. Be3 Bxe3
21. fxe3 Kb8 22. Rb1 b6 23. c4 h5 24. g5 Nf3+ 25. Kg2 Nxg5 26. Rb3 Ne4 27. Ra3
a5 28. Qb5 Nd6 29. Qa6 Nb7 30. Rb3 Rd6 31. Qb5 Ka7 32. e4 Rhd8 33. Re3 R8d7 34.
e5 fxe5 35. Rxe5 Rf7 36. Re6 Rd8 37. Qb1 Rdf8 38. Qe1 Rf4 39. Re4 R8f6 40. h3
g5 41. Qe3 h4 42. Re6 Rf7 43. Qe2 Rd4 44. Rg6 Nc5 45. Rg8 Ne4 46. Kg1 Rf2 47.
Qe1 Rfd2 48. Qe3 R2d3 49. Qe2 Rd1+ 50. Kg2 R1d2 0-1

[Event "Lloyds Bank Masters 18th"]
[Site "London"]
[Date "1994.08.29"]
[Round "10"]
[White "Barua, Dibyendu"]
[Black "Allen, Andrew"]
[Result "1-0"]
[WhiteElo "2495"]
[BlackElo "2275"]
[PlyCount "55"]
[EventDate "1994.08.20"]
[EventType "swiss"]
[EventRounds "10"]
[EventCountry "ENG"]
[SourceTitle "BritBase"]

1. e4 c5 2. Nc3 d6 3. g3 Nc6 4. Bg2 g6 5. d3 Bg7 6. Be3 e6 7. Qd2 Nd4 8. Nd1
Rb8 9. f4 Ne7 10. c3 Ndc6 11. Nf3 O-O 12. O-O b5 13. d4 cxd4 14. cxd4 Qa5 15.
Qxa5 Nxa5 16. Rc1 Ba6 17. b3 Rfc8 18. Nf2 Kf8 19. Rfd1 Bb7 20. Bd2 Nac6 21. e5
d5 22. g4 Rc7 23. Rc2 Rbc8 24. Rdc1 Ke8 25. Nd3 Nxe5 26. Rxc7 Nxd3 27. Rxc8+
Bxc8 28. Rc3 1-0

[Event "Lloyds Bank Masters 18th"]
[Site "London"]
[Date "1994.08.29"]
[Round "10"]
[White "Byway, Paul"]
[Black "Gual Pascual, Antonio"]
[Result "1-0"]
[WhiteElo "2305"]
[BlackElo "2395"]
[PlyCount "86"]
[EventDate "1994.08.20"]
[EventType "swiss"]
[EventRounds "10"]
[EventCountry "ENG"]
[SourceTitle "BritBase"]

1. Nf3 f5 2. d4 Nf6 3. Bg5 Ne4 4. Nbd2 Nxg5 5. Nxg5 e5 6. Ngf3 e4 7. Ng1 d5 8.
e3 Bd6 9. c4 O-O 10. c5 Be7 11. Ne2 b6 12. b4 bxc5 13. bxc5 Nc6 14. Nf4 Bg5 15.
g3 a5 16. a3 Kh8 17. Rb1 Bxf4 18. gxf4 g5 19. Qa4 Ne7 20. fxg5 f4 21. h4 fxe3
22. fxe3 Bd7 23. Bb5 c6 24. Be2 Nf5 25. Nf1 Qc7 26. Kd2 Rab8 27. Rxb8 Rxb8 28.
Bg4 Rb2+ 29. Kc3 Qb8 30. Bxf5 Rb1 31. Qc2 Bxf5 32. Ng3 Rxh1 33. Nxh1 Qb5 34.
Ng3 Bg4 35. Kd2 Qb8 36. Nf1 Qf8 37. Ke1 Qf3 38. Qb2 Qd1+ 39. Kf2 Qf3+ 40. Kg1
Qf8 41. Qh2 Bd7 42. Qf2 Qe7 43. Qf4 Kg8 1-0

[Event "Lloyds Bank Masters 18th"]
[Site "London"]
[Date "1994.08.29"]
[Round "10"]
[White "Cobb, Charles"]
[Black "Rowson, Jonathan"]
[Result "1/2-1/2"]
[WhiteElo "2155"]
[BlackElo "2305"]
[PlyCount "126"]
[EventDate "1994.08.20"]
[EventType "swiss"]
[EventRounds "10"]
[EventCountry "ENG"]
[SourceTitle "BritBase"]

1. e4 c5 2. c3 d5 3. exd5 Qxd5 4. d4 Nf6 5. Nf3 Nc6 6. Be3 e5 7. Nxe5 Nxe5 8.
dxe5 Qxd1+ 9. Kxd1 Ng4 10. Bb5+ Bd7 11. Bxd7+ Kxd7 12. Ke2 Nxe5 13. Na3 Be7 14.
Rhd1+ Kc6 15. b4 a6 16. bxc5 Bxc5 17. Bxc5 Kxc5 18. f4 Nc6 19. Rd7 Rhe8+ 20.
Kf3 Rad8 21. Rxf7 Rd3+ 22. Kg4 Rxc3 23. Rxb7 Rxa3 24. Rc1+ Kd5 25. Rd7+ Ke6 26.
Rxg7 Ne7 27. Rg5 Rxa2 28. Re1+ Kf7 29. Kh3 Rh8 30. Rge5 Ng6 31. Rf5+ Kg7 32. g3
Rb8 33. Rc5 Rb7 34. Rd1 a5 35. Rd6 a4 36. f5 Nf8 37. f6+ Kf7 38. Rg5 Ne6 39.
Re5 Nf8 40. Rg5 Ng6 41. Rh5 Ke8 42. Ra6 Nf8 43. Rg5 Ng6 44. Rh5 Rbb2 45. Ra8+
Kd7 46. Rxh7+ Kc6 47. Kg4 Rf2 48. Kg5 Ne5 49. Re7 Rae2 50. Rxa4 Nf3+ 51. Kg6
Rxe7 52. fxe7 Kd7 53. Rf4 Kxe7 54. Kg7 Rf1 55. h4 Nd2 56. h5 Rxf4 57. gxf4 Ne4
58. f5 Nf6 59. Kg6 Ng8 60. Kg7 Nf6 61. h6 Ne8+ 62. Kg6 Nf6 63. Kg5 Kf7 1/2-1/2

[Event "Lloyds Bank Masters 18th"]
[Site "London"]
[Date "1994.08.29"]
[Round "10"]
[White "Cobb, James"]
[Black "Kogan, Artur"]
[Result "1/2-1/2"]
[WhiteElo "2240"]
[BlackElo "2470"]
[PlyCount "85"]
[EventDate "1994.08.20"]
[EventType "swiss"]
[EventRounds "10"]
[EventCountry "ENG"]
[SourceTitle "BritBase"]

1. e4 c5 2. Nf3 Nc6 3. c3 Nf6 4. e5 Nd5 5. d4 cxd4 6. cxd4 d6 7. Bc4 Nb6 8. Bb5
Bd7 9. Nc3 e6 10. O-O a6 11. Bd3 Nb4 12. Bb1 Bc6 13. a3 N4d5 14. Ne4 Nc8 15.
Re1 Be7 16. Nfg5 dxe5 17. Qh5 g6 18. Qf3 Nf4 19. dxe5 Bxg5 20. Bxf4 Be7 21. Qg3
Nb6 22. Nd6+ Bxd6 23. exd6 Bd5 24. Be5 O-O 25. h4 f6 26. Bc3 Rf7 27. h5 g5 28.
Be4 Qd7 29. h6 Bxe4 30. Rxe4 Nd5 31. Rae1 Re8 32. Bd2 Kh8 33. Qb3 Qxd6 34. Qh3
e5 35. Qh5 Rfe7 36. Rd1 Qe6 37. Qf3 Rd7 38. Re2 Nf4 39. Ree1 Nd3 40. Bxg5 fxg5
41. Rxd3 Rxd3 42. Qxd3 Qxh6 43. Qd7 1/2-1/2

[Event "Lloyds Bank Masters 18th"]
[Site "London"]
[Date "1994.08.29"]
[Round "10"]
[White "Cooper, Lawrence"]
[Black "Roberts, Paul"]
[Result "1/2-1/2"]
[WhiteElo "2320"]
[BlackElo "2170"]
[PlyCount "94"]
[EventDate "1994.08.20"]
[EventType "swiss"]
[EventRounds "10"]
[EventCountry "ENG"]
[SourceTitle "BritBase"]

1. d4 f5 2. Bg5 d5 3. e3 Nf6 4. Bxf6 exf6 5. c4 Bb4+ 6. Nc3 O-O 7. Qf3 dxc4 8.
Bxc4+ Kh8 9. Nge2 c5 10. Rd1 Nc6 11. O-O Qa5 12. a3 Bxc3 13. Nxc3 cxd4 14. exd4
Qb6 15. Na4 Qa5 16. Bb3 Rd8 17. Rfe1 Bd7 18. Qc3 Rac8 19. d5 Qxc3 20. Nxc3 Ne5
21. Rd4 Re8 22. Red1 g5 23. d6 f4 24. Ba4 Bxa4 25. Rxa4 a6 26. h4 Nd7 27. Rb4
b6 28. Nd5 Rc6 29. Ne7 Rc5 30. Re1 Kg7 31. Rbe4 Rd8 32. b4 Re5 33. Rxe5 Nxe5
34. hxg5 Nd3 35. gxf6+ Kxf6 36. Nd5+ Kf5 37. Rd1 Nb2 38. Rd2 Nc4 39. Rd4 Ke5
40. Rxc4 Kxd5 41. Rxf4 Rxd6 42. Rh4 h6 43. a4 Rc6 44. b5 axb5 45. axb5 Rd6 46.
g4 Ke5 47. Kg2 Kf4 1/2-1/2

[Event "Lloyds Bank Masters 18th"]
[Site "London"]
[Date "1994.08.29"]
[Round "10"]
[White "Duncan, Christopher R"]
[Black "Kjeld, Matthias"]
[Result "1-0"]
[WhiteElo "2300"]
[BlackElo "2140"]
[PlyCount "69"]
[EventDate "1994.08.20"]
[EventType "swiss"]
[EventRounds "10"]
[EventCountry "ENG"]
[SourceTitle "BritBase"]

1. e4 c5 2. Nc3 e6 3. Nf3 g6 4. d4 Bg7 5. dxc5 Qa5 6. Be3 Nf6 7. Qd2 a6 8. h3
Qb4 9. e5 Ne4 10. Nxe4 Qxe4 11. Bd3 Qa4 12. O-O Nc6 13. Bh6 O-O 14. Qg5 Qb4 15.
Rfe1 Qxc5 16. Qh4 Qe7 17. Ng5 Bxh6 18. Qxh6 f6 19. exf6 Rxf6 20. Re3 d5 21. c4
dxc4 22. Bxc4 Nd4 23. Ne4 Rf5 24. Rd1 Nc6 25. g4 Rf8 26. Ng5 Rf6 27. Qh4 Rf4
28. Bxe6+ Bxe6 29. Rxe6 Qg7 30. Red6 Re8 31. Qg3 Nd4 32. R6xd4 Rxd4 33. Qb3+
Kf8 34. Rxd4 Qxd4 35. Qf7# 1-0

[Event "Lloyds Bank Masters 18th"]
[Site "London"]
[Date "1994.08.29"]
[Round "10"]
[White "Dutta, Shyamol"]
[Black "Cafferty, Bernard"]
[Result "0-1"]
[WhiteElo "2140"]
[BlackElo "2310"]
[PlyCount "40"]
[EventDate "1994.08.20"]
[EventType "swiss"]
[EventRounds "10"]
[EventCountry "ENG"]
[SourceTitle "BritBase"]

1. e4 Nf6 2. e5 Nd5 3. d4 d6 4. Nf3 g6 5. Be2 Bg7 6. O-O O-O 7. h3 c6 8. c4 Nc7
9. Nc3 dxe5 10. Nxe5 c5 11. Be3 cxd4 12. Bxd4 Ne6 13. Nd5 Nxd4 14. Qxd4 Nc6 15.
Nxc6 bxc6 16. Qd2 cxd5 17. cxd5 Rb8 18. Rab1 Bf5 19. Bd3 Qxd5 20. Rfd1 Rfd8 0-1

[Event "Lloyds Bank Masters 18th"]
[Site "London"]
[Date "1994.08.29"]
[Round "10"]
[White "Emms, John M"]
[Black "Zilberman, Yaacov"]
[Result "0-1"]
[WhiteElo "2535"]
[BlackElo "2460"]
[PlyCount "94"]
[EventDate "1994.08.20"]
[EventType "swiss"]
[EventRounds "10"]
[EventCountry "ENG"]
[SourceTitle "BritBase"]

1. e4 Nf6 2. e5 Nd5 3. d4 d6 4. Nf3 Bg4 5. Be2 e6 6. O-O Be7 7. c4 Nb6 8. Nc3
O-O 9. h3 Bh5 10. Be3 d5 11. c5 Bxf3 12. gxf3 Nc8 13. f4 Bh4 14. Bd3 g6 15. Qg4
Kh8 16. Nb1 Nc6 17. Nd2 h5 18. Qe2 N8e7 19. Nf3 Nf5 20. a3 a6 21. Kh1 Be7 22.
Rg1 Qd7 23. Rg2 Rg8 24. b4 Ra7 25. Rb1 Raa8 26. Rgg1 Ra7 27. Rb2 Raa8 28. a4
Rgb8 29. b5 axb5 30. axb5 Na5 31. Rd1 Nc4 32. Bxc4 dxc4 33. Qxc4 Ra3 34. c6
bxc6 35. bxc6 Qd8 36. Rdb1 Rxb2 37. Rxb2 Nxe3 38. fxe3 Rxe3 39. Rb3 Re4 40. Rb7
Kg7 41. Qb5 Qa8 42. Rxc7 Qa1+ 43. Kg2 Qa2+ 44. Kg1 Re2 45. Ra7 Rg2+ 46. Kh1 Qf2
47. Rxe7 Qxf3 0-1

[Event "Lloyds Bank Masters 18th"]
[Site "London"]
[Date "1994.08.29"]
[Round "10"]
[White "Ferguson, Mark"]
[Black "Petursson, Margeir"]
[Result "0-1"]
[WhiteElo "2330"]
[BlackElo "2540"]
[PlyCount "134"]
[EventDate "1994.08.20"]
[EventType "swiss"]
[EventRounds "10"]
[EventCountry "ENG"]
[SourceTitle "BritBase"]

1. e4 c5 2. Nf3 Nc6 3. d4 cxd4 4. Nxd4 g6 5. c4 Nf6 6. Nc3 d6 7. Be2 Bg7 8. Be3
O-O 9. O-O Bd7 10. Qd2 a5 11. f3 a4 12. Ndb5 Qa5 13. Rac1 Rfc8 14. Rfd1 Ne5 15.
Na3 Be8 16. Ncb5 Qxd2 17. Rxd2 Nc6 18. Nc3 Nb4 19. Nab5 Bxb5 20. Nxb5 Nd7 21.
a3 Nc6 22. Rdc2 Nc5 23. Rd1 b6 24. Kf1 Rab8 25. Kf2 h5 26. Nc3 Rb7 27. Kf1 Kh7
28. Kf2 Bh6 29. f4 Na5 30. Kf3 Nab3 31. h3 Ne6 32. Nb5 h4 33. Bf1 Nbc5 34. Nc3
f5 35. exf5 gxf5 36. Nd5 Ne4 37. g4 hxg3 38. Nxb6 Rg8 39. Nxa4 Rb3 40. Rd3 Rxd3
41. Bxd3 Bxf4 42. Bg1 Be5 43. Be3 Bd4 44. Rg2 N6g5+ 45. Bxg5 Nxg5+ 46. Ke2 Ne4
47. Kf3 Kh6 48. Re2 Ng5+ 49. Kxg3 Be5+ 50. Kf2 Nxh3+ 51. Ke1 Rg1+ 52. Kd2 Kg5
53. Bc2 Nf4 54. Re1 Rg2+ 55. Kd1 Bf6 56. b4 e5 57. Nc3 e4 58. Ne2 Nxe2 59. Rxe2
Rg3 60. Rd2 Be5 61. a4 e3 62. Rd3 Rg1+ 63. Ke2 Rg2+ 64. Kd1 e2+ 65. Ke1 Kg4 66.
c5 dxc5 67. bxc5 Bc7 0-1

[Event "Lloyds Bank Masters 18th"]
[Site "London"]
[Date "1994.08.29"]
[Round "10"]
[White "Franklin, Michael J"]
[Black "Tilak, Sharad S"]
[Result "1/2-1/2"]
[WhiteElo "2250"]
[BlackElo "2415"]
[PlyCount "37"]
[EventDate "1994.08.20"]
[EventType "swiss"]
[EventRounds "10"]
[EventCountry "ENG"]
[SourceTitle "BritBase"]

1. c4 g6 2. Nc3 Bg7 3. g3 e5 4. Bg2 d6 5. d3 Nc6 6. e3 Nge7 7. Nge2 Be6 8. Nd5
O-O 9. Nec3 Qd7 10. Qa4 Rab8 11. O-O f5 12. f4 h6 13. Bd2 g5 14. Rae1 Ng6 15.
fxg5 hxg5 16. Qd1 g4 17. b3 Bh6 18. Ne2 Rf7 19. e4 1/2-1/2

[Event "Lloyds Bank Masters 18th"]
[Site "London"]
[Date "1994.08.29"]
[Round "10"]
[White "Frias Pablaza, Victor J"]
[Black "McMichael, Richard"]
[Result "1-0"]
[WhiteElo "2480"]
[BlackElo "2305"]
[PlyCount "59"]
[EventDate "1994.08.20"]
[EventType "swiss"]
[EventRounds "10"]
[EventCountry "ENG"]
[SourceTitle "BritBase"]

1. d4 Nf6 2. Nf3 d6 3. g3 Bg4 4. Bg2 Nbd7 5. h3 Bh5 6. c4 e5 7. Nc3 Be7 8. O-O
O-O 9. Nh4 Qc8 10. Nf5 Bd8 11. b3 Re8 12. g4 Bg6 13. Ng3 h5 14. e3 hxg4 15.
hxg4 Nf8 16. g5 N6h7 17. f4 c6 18. f5 Nxg5 19. fxg6 Nxg6 20. Nf5 Bc7 21. d5 e4
22. Qh5 Qd8 23. Bb2 Bb6 24. Rae1 Ba5 25. Nxg7 Re5 26. Nf5 cxd5 27. Nxd5 Bxe1
28. Qh6 Ne6 29. Nfe7+ Qxe7 30. Nxe7+ 1-0

[Event "Lloyds Bank Masters 18th"]
[Site "London"]
[Date "1994.08.29"]
[Round "10"]
[White "Griffiths, Paul V"]
[Black "Cherniaev, Alexander"]
[Result "0-1"]
[WhiteElo "2245"]
[BlackElo "2415"]
[PlyCount "82"]
[EventDate "1994.08.20"]
[EventType "swiss"]
[EventRounds "10"]
[EventCountry "ENG"]
[SourceTitle "BritBase"]

1. e4 c5 2. Nf3 Nc6 3. b3 e5 4. Nc3 d6 5. g3 Nge7 6. Bg2 g6 7. h4 h5 8. Nh2 Be6
9. d3 Bg7 10. O-O O-O 11. Be3 b6 12. Qd2 d5 13. Bh6 dxe4 14. Bxg7 Kxg7 15. Nxe4
f6 16. a3 Rc8 17. Nf3 Rc7 18. Rfe1 Nf5 19. Rad1 Qe7 20. Qc1 Nfd4 21. Nfd2 Qd7
22. f3 Ne7 23. Nf1 Nd5 24. Qd2 b5 25. Kh2 Qf7 26. Ne3 Nxe3 27. Rxe3 Rd8 28. Qf2
Nxc2 29. Qxc2 Bxb3 30. Qc1 Bxd1 31. Qxd1 c4 32. Qd2 Qe7 33. g4 f5 34. gxf5
Qxh4+ 35. Bh3 Qf4+ 36. Kg2 gxf5 37. Ng3 Kh8 38. Nxf5 cxd3 39. Kf1 Rc2 40. Qa5
Rc1+ 41. Kf2 Qh2+ 0-1